| 000 | 01659nam a2200337 c 4500 | ||
|---|---|---|---|
| 999 |
_c57816 _d57816 |
||
| 003 | BLK | ||
| 005 | 20220815161546.0 | ||
| 008 | 180408b bul|||||r ||||||| ||bul|| | ||
| 010 | _aKNG00061827000 | ||
| 040 | _aBLK | ||
| 041 |
_aBUL _cBUL |
||
| 080 |
_aГлавен мозък. Мозъчни центрове. Вж и 159.91 ; 613.8 _b612.82 _z612.82 |
||
| 080 |
_aОрганични заболявания на гръбначния мозък. Миелопатии - Контузио, миелит, множествена склероза, сирингомиелия, гръбначно-мозъчни параличи, полиомиелит, спинален менингит, патология на гръбначномозъчна _b616.832 _z616.832 |
||
| 100 | 1 |
_aЦветанова, Елена _eпърви автор _9287881 |
|
| 139 |
_aЦветанова, Елена _bЦ 30 |
||
| 245 | 1 | 0 |
_aЛикворология _bМоногр. _cЕлена Цветанова. |
| 257 | _aBGR | ||
| 260 |
_aСофия _bМедицина и физкултура _c1974 _fПловдив : Д. Благоев |
||
| 300 |
_a208 с. _bс ил. _c20 см |
||
| 380 | _a61 | ||
| 500 | _aРез. на рус. и англ. ез..- Библиогр. с. 191 - 199.- Предм. показалец | ||
| 650 | 4 |
_aГръбначен мозък _9287882 |
|
| 653 | _aгръбначен мозък | ||
| 653 | _aгръбначномозъчна течност | ||
| 653 | _aмонографии | ||
| 852 | _aЦб 70962 | ||
| 856 | 4 | _qpdf | |
| 856 | 4 | _qpdf | |
| 942 |
_cKNG _n0 _s1 |
||
| 944 |
_aCR _c13.06.2004 _kЧиталня |
||
| 944 |
_aED _c17.10.2015 _kХристина_Везирева |
||
| 944 |
_aED _c2022-08-15 _kХристина Везирева |
||
| 999 | _d57816 | ||